000 00601nam a2200229Ia 4500
001 829
003 GE_BSU
008 181216s||||||||xx |||||||||||||| ||und||
020 _a5777702120
040 _cGE_BSU
080 _a008:572
100 _aАрутюнов,С.А.;Рыжакова,С.И.
245 _aКультурная антропология
245 _bСерия "Аудитория
260 _aМосква
260 _bВесь Мир
260 _c2004
300 _a216стр.
541 _h7л.
653 _aКультурная антропология
942 _cBK
999 _c34993
_d34993